00622nam a22001935i 450000100060000000300090000600500170001500700030003200800410003504000200007610000320009624501050012826000500023330000250028349000250030865000480033383000250038185200220040653458ES-MaACL20251015063100.0t|950928s1875 fr ||||1| fre d aCAM bspa cCAM1 aEtienne, Louis, d1799-188510aHistoire de la littérature italienne b: depuis ses origines jusqu'a nos jours / cpar L. Etienne. aParis : bHachette et Cie., c1875 (fLahure) aX, 608 p. ; c18 cm.1 aHistoire universelle 4aLiteratura italiana-xHistoria y crítica.00aHistoire universelle aES-MaACLjG-15312